<The> Comparative advantage of Taiwan's major cut flower's

Rast odvetvia produkcie kvetín na Tchajwane. Tento rast odvetvia produkcie kvetín je výsledkom zvýšenej domácej spotreby rezaných kvetín a rastu objemu ich exportu. Expanzia exportného trhu kvetín poskytuje vláde potenciálnu možnosť presunúť zdroje z iných odvetví poľnohospodárskej výroby do odvetvi...

Celý popis

Uložené v:
Podrobná bibliografia
Hlavný autor: Tsai, J.
Médium: Kapitola
Jazyk:English
Predmet:
Tagy: Pridať tag
Žiadne tagy, Buďte prvý, kto otaguje tento záznam!

MARC

LEADER 00000naa a2200000 4500
001 r042755
005 20231004090653.5
041 0 |a eng 
044 |a CZ 
245 1 0 |a <The> Comparative advantage of Taiwan's major cut flower's  |c J. Tsai 
520 |a Rast odvetvia produkcie kvetín na Tchajwane. Tento rast odvetvia produkcie kvetín je výsledkom zvýšenej domácej spotreby rezaných kvetín a rastu objemu ich exportu. Expanzia exportného trhu kvetín poskytuje vláde potenciálnu možnosť presunúť zdroje z iných odvetví poľnohospodárskej výroby do odvetvia produkcie kvetín. Hodnotenie komparatívnych výhod tchajwanského exportu hlavných produktov rezaných kvetín v porovnaní s japonským odvetvím produkcie kvetín prostredníctvom ukazovateľov čistého spoločenského výnosu a nákladov domácich zdrojov. 
610 2 0 |a výhody komparatívne 
610 2 0 |a Taiwan 
610 2 0 |a kvety 
610 2 0 |a produkcia 
610 2 0 |a spotreba 
610 2 0 |a trh 
610 2 0 |a vývoz 
610 2 0 |a ukazovatele 
610 2 0 |a konkurencieschopnosť 
610 2 0 |a porovnanie štatistické medzinárodné 
100 1 |a Tsai, J.